| 000 | 00544cam a2200217ua 4500 | ||
|---|---|---|---|
| 020 | _c4.05 | ||
| 041 |
_aeng _h |
||
| 082 |
_a510 _bGEA/MA |
||
| 100 | _aGeary, A . | ||
| 245 |
_aMathematics for technical students Part-2 / _cA Geary. _hTextual Documents |
||
| 250 |
_a1 / _b. |
||
| 260 |
_aLondon : _bEnglish Language Book Society , _c1965. |
||
| 300 | _a371 ; . | ||
| 365 | _a4.05 | ||
| 504 | _a | ||
| 700 | 1 | _aHayden, H A . | |
| 700 | 1 | _aLowry, H V . | |
| 942 | _cBK | ||
| 999 |
_c9440 _d9440 |
||